| 000 | 00844cam a2200193 4500 | ||
|---|---|---|---|
| 001 | ABS60793 | ||
| 008 | 000000n1999 000 0 eng u | ||
| 035 | _a(Sirsi) u101289 | ||
| 100 | _aCastle, R. | ||
| 245 | _aCalculation of future loss: choosing appropriate discount rate. | ||
| 260 | _c1999 | ||
| 490 |
_aSolicitors' Journal _v143(25) 25 June 1999, 618-619(2) |
||
| 520 | _aDiscusses the "Parkair" case which looked at the question of calculation of future loss in the context of landlord and tenant where liquidators have disclaimed the lease. Concludes that the calculation of compensation is a difficult art, with discounting always necessary but the choice of rate difficult. | ||
| 650 | _aCOMPENSATION | ||
| 650 | _aDISCOUNT RATE | ||
| 690 | _aLANDLORD AND TENANT-BUSINESS TENANCIES | ||
| 700 | _aMcFarquhar, A. | ||
| 942 | _n0 | ||
| 999 |
_c60440 _d60440 |
||